Tìm hiểu thiên tài quân sự của Nguyễn Huệ
Enregistré dans:
| Auteur principal: | |
|---|---|
| Format: | Livre |
| Langue: | Undetermined |
| Publié: |
H.
QĐND
2003
|
| Sujets: | |
| Tags: |
Ajouter un tag
Pas de tags, Soyez le premier à ajouter un tag!
|
| Thư viện lưu trữ: | Trung tâm Học liệu Trường Đại học Cần Thơ |
|---|
| LEADER | 00631nam a2200205Ia 4500 | ||
|---|---|---|---|
| 001 | CTU_58901 | ||
| 008 | 210402s9999 xx 000 0 und d | ||
| 020 | |b 57000 | ||
| 082 | |a 959.7092 | ||
| 082 | |b B302 | ||
| 100 | |a Nguyễn Lương Bích | ||
| 245 | 0 | |a Tìm hiểu thiên tài quân sự của Nguyễn Huệ | |
| 245 | 0 | |c Nguyễn Lương Bích và Phạm Ngọc Phụng | |
| 260 | |a H. | ||
| 260 | |b QĐND | ||
| 260 | |c 2003 | ||
| 650 | |a vietnam,military art and science | ||
| 650 | |x history,insurrection, 1771-1802 | ||
| 904 | |i Minh | ||
| 980 | |a Trung tâm Học liệu Trường Đại học Cần Thơ | ||